000 00884nam a22002297a 4500
008 130821s2012 xxua gr eng
020 _a9781422187333
040 _aCO-BoUCM
_cAngélica Rojas
_bspa
_dAldemar Mondragón
041 0 0 _aeng
100 1 _aKotter, John P.
_d1947-
_938314
245 1 4 _aThe heart of change real-life stories of how people change their organizations
_cJohn P. Kotter, Dan S. Cohen
260 _aBoston (Massachusetts, Estados Unidos)
_bHarvard Business Review Press
_c2012
300 _axiii, 188 páginas
_btablas
500 _aIncluye índice
650 7 _aAprendizaje organizacional
_99264
650 7 _aCambio organizacional
_97360
650 7 _aCultura corporativa
_912394
690 _aAdministración de empresas
700 1 _aCohen, Dan S.
_938315
942 _cLIBRO
_a16
_e1
_mK877h
_2DEWEY
_h658.406
999 _c166881
_d166881